000 00422nam a2200169Ia 4500
008 230524s9999 xx 000 0 und d
082 _a621.3893
_bHER
100 _aHerbert Taub
245 0 _aPrinciples of Communication Systems
250 _a2ND
260 _aNEW DELHI
_bTMH
_c1999
300 _aXVII;759
500 _aQuantity Number: 189
650 _aElectronics
700 _a Donald L.Schilling
942 _cBK
999 _c20482
_d20482